01381nam a2200385 i 450000100060000000300080000600500170001400600190003100700150005000800410006502000270010602000280013303500220016104000310018305000220021408000080023608200140024410000280025824500600028626400340034630000410038033600310042133700330045233800430048550000200052850000220054858800830057059001620065365000190081565500270083470000360086179700180089785600630091599900170097842267FINmELB20241216222030.0m o d | cr cnu||||||||230724s2020 ag o 001 0 spa d a9789878321103q(print) a9789878321219q(e-book) a(OCoLC)1285724596 aFINmELBbspaerdacFINmELB 4aQA39.3bC873 2020 a51004a510.12231 aCovelo, Laura,eautora.10aMatemática 3 /cLaura Covelo, María Eugenia Covelo. 1aItuzaingó :bMaipue,c2020. a1 recurso en línea (191 páginas) atextobtxt2rdacontent/spa acomputadorabc2rdamedia/spa arecurso en líneabcr2rdacarrier/spa aIncluye anexos. aIncluye índice. aDescripción basada en metadatos suministrados por el editor y otras fuentes. aRecurso electrónico. Santa Fe, Arg.: elibro, 2023. Disponible vía World Wide Web. El acceso puede estar limitado para las bibliotecas afiliadas a elibro. 4aMatemáticas. 4aLibros electrónicos.1 aCovelo, Maria Eugenia,eautora.2 aelibro, Corp.40uhttps://elibro.net/ereader/politecnicointernacional/232145 c42267d42267